[Event "HUN-chT2 Breyer 0910"]
[Site "Hungary"]
[Date "2010.04.18"]
[Round "10"]
[White "Horvath, Laszlo"]
[Black "Molnar, Emil"]
[Result "0-1"]
[WhiteElo "2221"]
[BlackElo "2113"]
[PlyCount "63"]
[EventDate "2009.11.08"]
[EventType "team-tourn"]
[EventRounds "11"]
[EventCountry "HUN"]
[SourceTitle "OM OTB B 201907"]
[Source "Opening Master"]
[SourceDate "2019.07.06"]
[SourceVersion "2"]
[SourceVersionDate "2019.07.06"]
[SourceQuality "1"]

1. e4 c5 2. Nf3 Nc6 3. d4 cxd4 4. Nxd4 Nf6 5. Nc3 d6 6. Be2 e5 7. Nb3 Be6 8.
O-O Be7 9. f4 Na5 10. Nd5 Bxd5 11. exd5 O-O 12. Be3 exf4 13. Rxf4 Nxb3 14. axb3
a6 15. Bd3 Nd7 16. Rb4 Bg5 17. Bxh7+ Kxh7 18. Qh5+ Bh6 19. Rf1 Qe7 20. Bxh6
gxh6 21. Qf5+ Kh8 22. Rxb7 Qe3+ 23. Kh1 Ne5 24. Qf6+ Kg8 25. Qxd6 Rad8 26. Qxa6
Rxd5 27. Rb6 Rd2 28. Rxh6 Qe2 29. Qxe2 Rxe2 30. Rh5 f6 31. Kg1 Ng4 32. Rh3 0-1

[Event "HUN-chT2 Szechenyi 0910"]
[Site "Hungary"]
[Date "2010.04.11"]
[Round "9.12"]
[White "Rot, Norbert"]
[Black "Toth, Daniel"]
[Result "1-0"]
[WhiteElo "1781"]
[BlackElo "2103"]
[PlyCount "79"]
[EventDate "2009.11.08"]
[EventType "team-tourn"]
[EventRounds "11"]
[EventCountry "HUN"]
[SourceTitle "OM OTB B 201907"]
[Source "Opening Master"]
[SourceDate "2019.07.06"]
[SourceVersion "2"]
[SourceVersionDate "2019.07.06"]
[SourceQuality "1"]

1. e4 c5 2. Nf3 d6 3. d4 cxd4 4. Nxd4 Nc6 5. Nc3 Nf6 6. Be2 e5 7. Nb3 Be7 8.
O-O Be6 9. Be3 O-O 10. f3 a6 11. a4 Rc8 12. Qd2 Nd7 13. Rad1 f5 14. Nd5 Bxd5
15. Qxd5+ Kh8 16. exf5 Rxf5 17. Qe4 Rf8 18. Bd3 Nf6 19. Qh4 Qe8 20. Bg5 g6 21.
Nd2 d5 22. c4 Nb4 23. Bb1 Ng8 24. cxd5 Nxd5 25. Ne4 Ne3 26. Nd6 Bxd6 27. Bxe3
Bc5 28. Bxc5 Rxc5 29. Rd6 Rf4 30. Qh3 Rxa4 31. Bxg6 Qe7 32. Rd7 Rh4 33. Rxe7
Rxh3 34. Rxb7 Rh6 35. Be4 Rb5 36. Rxb5 axb5 37. Rc1 Rd6 38. b3 Nf6 39. Rc5 Rd4
40. Rxe5 1-0

[Event "Regionalliga NO 0910"]
[Site "Bayern"]
[Date "2010.04.11"]
[Round "9.5"]
[White "Bader, Dominic1"]
[Black "Werner, Claus"]
[Result "1/2-1/2"]
[WhiteElo "1936"]
[BlackElo "2183"]
[PlyCount "79"]
[EventDate "2009.10.18"]
[EventType "team-tourn"]
[EventRounds "9"]
[EventCountry "GER"]
[SourceTitle "OM OTB B 201907"]
[Source "Opening Master"]
[SourceDate "2019.07.06"]
[SourceVersion "2"]
[SourceVersionDate "2019.07.06"]
[SourceQuality "1"]

1. e4 c5 2. Nf3 d6 3. d4 cxd4 4. Nxd4 Nf6 5. Nc3 Nc6 6. Be2 e5 7. Nb3 Be7 8.
Be3 O-O 9. g4 Be6 10. g5 Nd7 11. Qd2 a5 12. Nd5 a4 13. Nc1 f5 14. gxf6 Nxf6 15.
Bb6 Qd7 16. Bd3 Nxd5 17. exd5 Bxd5 18. Bxh7+ Kxh7 19. Qxd5 Qg4 20. c3 Nb4 21.
cxb4 Qxb4+ 22. Qd2 Qxb6 23. O-O Rf3 24. Ne2 Raf8 25. Nc3 Bh4 26. Ne4 Qc6 27.
Rae1 R8f4 28. Ng3 e4 29. Rc1 Qb6 30. Kg2 Bg5 31. Qc2 d5 32. Rcd1 Qb5 33. Rd4
Bf6 34. Rd2 Rd3 35. Rfd1 Bd4 36. Qc8 Rxf2+ 37. Rxf2 Rxd1 38. Qh3+ Kg8 39. Qc8+
Kh7 40. Qh3+ 1/2-1/2

[Event "Mecklenburg VP LL 0910"]
[Site "Mecklenburg VP"]
[Date "2010.04.11"]
[Round "9.4"]
[White "Hodl, Ingolf"]
[Black "Rossmann, Andreas"]
[Result "1/2-1/2"]
[WhiteElo "1970"]
[BlackElo "1998"]
[PlyCount "30"]
[EventDate "2009.10.18"]
[EventType "team-tourn"]
[EventRounds "9"]
[EventCountry "GER"]
[SourceTitle "OM OTB B 201907"]
[Source "Opening Master"]
[SourceDate "2019.07.06"]
[SourceVersion "2"]
[SourceVersionDate "2019.07.06"]
[SourceQuality "1"]

1. e4 c5 2. Nc3 Nc6 3. Nge2 d6 4. d4 cxd4 5. Nxd4 Nf6 6. Be2 e5 7. Nb3 Be7 8.
O-O O-O 9. Be3 Be6 10. f4 d5 11. f5 d4 12. fxe6 fxe6 13. Bc4 dxc3 14. Bxe6+ Kh8
15. bxc3 Nxe4 1/2-1/2

[Event "Baieti 16 ani"]
[Site "?"]
[Date "2010.04.09"]
[Round "?"]
[White "Nanu, Florentin-Gabriel"]
[Black "Malureanu, Costin-George"]
[Result "1/2-1/2"]
[WhiteElo "1895"]
[BlackElo "2132"]
[PlyCount "37"]
[EventDate "2010.??.??"]
[SourceTitle "OM OTB B 201907"]
[Source "Opening Master"]
[SourceDate "2019.07.06"]
[SourceVersion "2"]
[SourceVersionDate "2019.07.06"]
[SourceQuality "1"]

1. e4 c5 2. Nf3 Nc6 3. d4 cxd4 4. Nxd4 Nf6 5. Nc3 d6 6. Be2 e5 7. Nb3 Be7 8.
O-O O-O 9. f4 a5 10. Be3 a4 11. Nd2 a3 12. Nc4 axb2 13. Rb1 Be6 14. Rxb2 Na5
15. Bb6 Qc8 16. Bxa5 Bxc4 17. Bxc4 Qxc4 18. Bb4 Nxe4 19. Qd5 1/2-1/2

[Event "European School Ch. O13"]
[Site "Thessaloniki"]
[Date "2010.04.08"]
[Round "5.1"]
[White "Bayramov, Elkhan Khayyat"]
[Black "Hatzis Bakratsas, Alexandros"]
[Result "1-0"]
[WhiteElo "1942"]
[BlackElo "1556"]
[PlyCount "85"]
[EventDate "2010.04.05"]
[EventRounds "9"]
[EventCountry "GRE"]
[SourceTitle "OM OTB B 201907"]
[Source "Opening Master"]
[SourceDate "2019.07.06"]
[SourceVersion "2"]
[SourceVersionDate "2019.07.06"]
[SourceQuality "1"]

1. e4 c5 2. Nf3 Nc6 3. d4 cxd4 4. Nxd4 Nf6 5. Nc3 d6 6. Be2 e5 7. Nb3 Be6 8.
O-O Be7 9. f4 O-O 10. Bf3 Qb6+ 11. Kh1 Bc4 12. Re1 Rfe8 13. Be3 Qc7 14. Qd2 Bf8
15. Rad1 Rad8 16. Qf2 b6 17. f5 Nb4 18. a3 Na6 19. Bg5 Be7 20. Bxf6 Bxf6 21.
Nd2 Nb8 22. Nxc4 Qxc4 23. Nd5 Nd7 24. Re2 Qc5 25. Qg3 h6 26. Rd3 Rc8 27. h4 Bd8
28. Rc3 Qxc3 29. Nxc3 Nf6 30. Rd2 Be7 31. Qf2 Red8 32. g4 Ne8 33. Nd5 Bf8 34.
g5 f6 35. Bh5 hxg5 36. Bxe8 Rxe8 37. hxg5 fxg5 38. f6 Kf7 39. fxg7+ Kxg7 40.
Qf6+ Kh7 41. Rh2+ Bh6 42. Qf7+ Kh8 43. Rxh6# 1-0

[Event "Sydney op"]
[Site "Parramatta"]
[Date "2010.04.08"]
[Round "3"]
[White "Wang, Oscar Miao"]
[Black "Tan, Kevin1"]
[Result "1/2-1/2"]
[WhiteElo "1943"]
[BlackElo "1882"]
[PlyCount "61"]
[EventDate "2010.04.07"]
[EventType "swiss"]
[EventRounds "9"]
[EventCountry "AUS"]
[SourceTitle "OM OTB B 201907"]
[Source "Opening Master"]
[SourceDate "2019.07.06"]
[SourceVersion "2"]
[SourceVersionDate "2019.07.06"]
[SourceQuality "1"]

1. e4 c5 2. Nf3 Nc6 3. d4 cxd4 4. Nxd4 Nf6 5. Nc3 d6 6. Be2 e5 7. Nb3 Be7 8.
O-O O-O 9. Be3 Be6 10. f4 exf4 11. Bxf4 a6 12. Bf3 Ne5 13. Nd5 Nxd5 14. exd5
Bf5 15. Nd4 Bg6 16. Kh1 Bf6 17. Be2 Rc8 18. c3 Qb6 19. Nb3 Nc4 20. Qc1 Nxb2 21.
Qxb2 Bxc3 22. Qa3 Rfe8 23. Bf3 Bxa1 24. Rxa1 Qf2 25. Bg3 Qe3 26. h3 Be4 27. Re1
Qd3 28. Rd1 Qe3 29. Re1 Qd3 30. Rd1 Qe3 31. Re1 1/2-1/2

[Event "BUL-ch (Women) 59th"]
[Site "Dupnitsa"]
[Date "2010.04.08"]
[Round "1"]
[White "Gocheva, Rumiana B"]
[Black "Ivanova, Simoneta"]
[Result "1/2-1/2"]
[WhiteElo "2164"]
[BlackElo "1816"]
[PlyCount "82"]
[EventDate "2010.04.08"]
[EventType "tourn"]
[EventRounds "11"]
[EventCountry "BUL"]
[EventCategory "4"]
[SourceTitle "OM OTB B 201907"]
[Source "Opening Master"]
[SourceDate "2019.07.06"]
[SourceVersion "2"]
[SourceVersionDate "2019.07.06"]
[SourceQuality "1"]

1. e4 c5 2. Nf3 d6 3. d4 cxd4 4. Nxd4 Nf6 5. Nc3 Nc6 6. Be2 e5 7. Nf3 Be7 8.
Bg5 Be6 9. O-O O-O 10. Bxf6 Bxf6 11. Nd5 Be7 12. Qd2 Qd7 13. Rfd1 Rfd8 14. a4
Rac8 15. a5 Bxd5 16. exd5 Nd4 17. Nxd4 exd4 18. Qxd4 Bf6 19. Qxa7 Rxc2 20. Bd3
Rxb2 21. Rdb1 Rd2 22. Qe3 Bxa1 23. Qxd2 Be5 24. Qc2 g6 25. Bb5 Qe7 26. g3 Ra8
27. a6 bxa6 28. Bxa6 Qa7 29. Qc6 Rb8 30. Rxb8+ Qxb8 31. Kg2 Kg7 32. Bb5 Qd8 33.
f4 Ba1 34. Qb7 Qf6 35. Be8 Qb2+ 36. Qxb2+ Bxb2 37. Kf3 Kf6 38. g4 Ke7 39. Bc6
f5 40. g5 Bd4 41. h4 Bc3 1/2-1/2

[Event "CRO-chT U20 19th"]
[Site "Sv Filip i Jakov"]
[Date "2010.04.07"]
[Round "4.31"]
[White "Bjelicic, Jan"]
[Black "Martinovic, Sasa"]
[Result "0-1"]
[WhiteElo "2105"]
[BlackElo "2509"]
[PlyCount "106"]
[EventDate "2010.04.06"]
[EventType "team-tourn"]
[EventRounds "11"]
[EventCountry "CRO"]
[SourceTitle "OM OTB B 201907"]
[Source "Opening Master"]
[SourceDate "2019.07.06"]
[SourceVersion "2"]
[SourceVersionDate "2019.07.06"]
[SourceQuality "1"]

1. e4 c5 2. Nf3 Nc6 3. d4 cxd4 4. Nxd4 Nf6 5. Nc3 d6 6. Be2 e5 7. Nf3 h6 8. O-O
Be7 9. h3 O-O 10. Re1 Be6 11. Bf1 Nb8 12. Nd5 Nxd5 13. exd5 Bf5 14. Nd2 Nd7 15.
Nc4 Bg6 16. a4 f5 17. a5 f4 18. Bd3 Bf7 19. b3 Nf6 20. Be4 Nxe4 21. Rxe4 Bg6
22. Re1 f3 23. Ne3 Bh4 24. gxf3 Qd7 25. Ng2 Qxh3 26. Nxh4 Qxh4 27. Ra4 e4 28.
Re3 Qh5 29. Qd4 exf3 30. Re7 Rf7 31. Rxf7 Bxf7 32. Bb2 Qg5+ 33. Qg4 Qxg4+ 34.
Rxg4 g5 35. Rb4 Bxd5 36. Rd4 Be6 37. Rxd6 Kf7 38. Bd4 h5 39. b4 g4 40. c4 h4
41. Kh2 Rg8 42. Bxa7 g3+ 43. fxg3 hxg3+ 44. Kg1 Bxc4 45. Bd4 Ke7 46. Rb6 Bd5
47. Bc5+ Kf7 48. Rd6 Re8 49. Rd7+ Kg6 50. Rd6+ Kf7 51. Rd7+ Kg8 52. Re7 Rxe7
53. Bxe7 f2+ 0-1

[Event "Doeberl Cup Major 48th"]
[Site "Canberra"]
[Date "2010.04.05"]
[Round "7"]
[White "Marsden, John"]
[Black "Christensen, Joshua"]
[Result "1/2-1/2"]
[WhiteElo "1817"]
[BlackElo "1634"]
[PlyCount "63"]
[EventDate "2010.04.02"]
[EventType "swiss"]
[EventRounds "7"]
[EventCountry "AUS"]
[SourceTitle "OM OTB B 201907"]
[Source "Opening Master"]
[SourceDate "2019.07.06"]
[SourceVersion "2"]
[SourceVersionDate "2019.07.06"]
[SourceQuality "1"]

1. e4 c5 2. Nf3 d6 3. d4 cxd4 4. Nxd4 Nf6 5. Nc3 Nc6 6. Be2 e5 7. Nb3 h6 8. Be3
Be7 9. O-O O-O 10. f4 a6 11. a4 Qc7 12. a5 Be6 13. Bb6 Qd7 14. Nd2 exf4 15.
Rxf4 Ne5 16. Rf1 d5 17. exd5 Nxd5 18. Nxd5 Qxd5 19. Nf3 Nc4 20. Qxd5 Bxd5 21.
Bd4 Rfe8 22. b3 Nd6 23. Bd3 Ne4 24. c4 Bc6 25. Rad1 Bb4 26. Bb6 Nc5 27. Nd4
Nxd3 28. Nxc6 Bc5+ 29. Bxc5 Nxc5 30. Rd5 Nxb3 31. Rd7 bxc6 32. Rfxf7 1/2-1/2

[Event "FICS rated standard game"]
[Site "FICS freechess.org"]
[Date "2010.04.05"]
[Round "?"]
[White "GriffySr"]
[Black "PELER"]
[Result "0-1"]
[WhiteElo "2037"]
[BlackElo "2323"]
[PlyCount "120"]
[EventDate "2010.??.??"]

1. e4 c5 2. Nf3 Nc6 3. d4 cxd4 4. Nxd4 Nf6 5. Nc3 d6 6. Be2 e5 7. Nb3 h6 8. O-O
Be7 9. Be3 O-O 10. f4 Bd7 11. f5 a5 12. Bc4 a4 13. Nd2 Nd4 14. Nf3 Rc8 15. Bd3
a3 16. Qb1 Qb6 17. Bxd4 exd4 18. bxa3 Qxb1 19. Nxb1 d5 20. exd5 Ba4 21. Re1 Bc5
22. d6 Bxc2 23. d7 Nxd7 24. Be4 Bxe4 25. Rxe4 Nf6 26. Re1 d3+ 27. Kh1 Bf2 28.
Rd1 Ng4 29. Nbd2 Be3 30. Ne4 Rfe8 31. h3 Rxe4 32. hxg4 Rc3 33. Rab1 Rxa3 34.
Rxb7 Rxg4 35. Rd7 Rxa2 36. R7xd3 Re2 37. Rc3 Kh7 38. Rd7 Re1+ 39. Kh2 Bf4+ 40.
g3 Re2+ 41. Kh1 Rxg3 42. Rdd3 Rf2 43. Rd1 h5 44. f6 g5 45. Nxg5+ Rxg5 46. Rh3
Kg6 47. Rb1 Rfg2 48. Rh4 Be5 49. Rd1 R2g3 50. Rh2 R5g4 51. Re1 Bd4 52. Rd2 Bc3
53. Ree2 Bxd2 54. Rxd2 Rh3+ 55. Rh2 Rxh2+ 56. Kxh2 Kxf6 57. Kh3 Ra4 58. Kg3 Kg5
59. Kh2 Kh4 60. Kg2 f6 0-1

[Event "Doeberl Cup Minor 48th"]
[Site "Canberra"]
[Date "2010.04.02"]
[Round "2"]
[White "Hertzberg, David"]
[Black "Carty, Jak"]
[Result "0-1"]
[WhiteElo "1228"]
[BlackElo "965"]
[PlyCount "60"]
[EventDate "2010.04.02"]
[EventType "swiss"]
[EventRounds "7"]
[EventCountry "AUS"]
[SourceTitle "EXT 2012"]
[Source "ChessBase"]
[SourceDate "2011.11.24"]
[SourceVersion "1"]
[SourceVersionDate "2011.11.24"]
[SourceQuality "1"]

1. e4 c5 2. Nf3 d6 3. d4 cxd4 4. Nxd4 Nf6 5. Nc3 Nc6 6. Be2 e5 7. Nb3 Be7 8.
Be3 h6 9. f3 Be6 10. Qd2 a6 11. Rd1 O-O 12. O-O Ne8 13. Nd5 b5 14. f4 exf4 15.
Nxe7+ Qxe7 16. Bxf4 Ne5 17. Nd4 Qa7 18. Be3 Nc4 19. Bxc4 Bxc4 20. Rf3 Qb7 21.
b3 Be6 22. Bxh6 Bg4 23. Ne6 Bxf3 24. Nxg7 Nxg7 25. gxf3 Qe7 26. Kh1 Qf6 27. Qe3
Kh7 28. Bxg7 Qxg7 29. Rg1 Qh6 30. f4 Rg8 0-1

[Event "Ch Schleswig Holstein (seniors)"]
[Site "Busto (Germany)"]
[Date "2010.04.01"]
[Round "8"]
[White "Lund, Hans Hermann"]
[Black "Meyer, Heinz"]
[Result "1-0"]
[WhiteElo "1879"]
[BlackElo "2051"]
[PlyCount "99"]
[EventDate "2010.??.??"]
[EventCountry "ITA"]
[SourceTitle "OM OTB B 201907"]
[Source "Opening Master"]
[SourceDate "2019.07.06"]
[SourceVersion "2"]
[SourceVersionDate "2019.07.06"]
[SourceQuality "1"]

1. e4 c5 2. Nf3 Nc6 3. d4 cxd4 4. Nxd4 Nf6 5. Nc3 d6 6. Be2 e5 7. Nf3 h6 8. O-O
Be6 9. Bb5 a6 10. Ba4 Be7 11. Re1 O-O 12. Nd5 Bxd5 13. exd5 b5 14. Bb3 Na5 15.
Re2 Nd7 16. Bd2 Nxb3 17. axb3 a5 18. Ne1 Bg5 19. Nf3 Bxd2 20. Qxd2 f5 21. Kh1
b4 22. Rg1 Nc5 23. Qc1 Qf6 24. Nd2 Qf7 25. Nc4 Qh5 26. f3 Rf6 27. Qe1 g5 28.
Qf2 Qf7 29. Rf1 Ra7 30. Nxe5 Qxd5 31. Nc4 a4 32. Rd2 Qc6 33. bxa4 Rxa4 34. Rfd1
Nb7 35. b3 Ra8 36. Qd4 Re6 37. h3 Rae8 38. Qd5 Qxd5 39. Rxd5 Re1+ 40. Rxe1
Rxe1+ 41. Kh2 Re2 42. Rxf5 Rxc2 43. Rb5 Nc5 44. Rxb4 Nxb3 45. Nxd6 Nd2 46. Kg3
Nf1+ 47. Kg4 Rxg2+ 48. Kf5 Ne3+ 49. Kg6 Kf8 50. Re4 1-0

[Event "Cheliabinsk Region-ch"]
[Site "Cheliabinsk"]
[Date "2010.04.01"]
[Round "6"]
[White "Bashkov, Viacheslav"]
[Black "Matveev, Stanislav"]
[Result "1-0"]
[WhiteElo "2307"]
[BlackElo "2145"]
[PlyCount "105"]
[EventDate "2010.03.27"]
[EventType "swiss"]
[EventRounds "9"]
[EventCountry "RUS"]
[SourceTitle "OM OTB B 201907"]
[Source "Opening Master"]
[SourceDate "2019.07.06"]
[SourceVersion "2"]
[SourceVersionDate "2019.07.06"]
[SourceQuality "1"]

1. e4 c5 2. Nf3 Nc6 3. d4 cxd4 4. Nxd4 Nf6 5. Nc3 d6 6. Be2 e5 7. Nf3 h6 8. O-O
Be7 9. h3 O-O 10. Nh2 Be6 11. Ng4 Rc8 12. Be3 Qa5 13. Qd2 Rfd8 14. Rfd1 Nd7 15.
a3 h5 16. Nh2 Nf6 17. Bg5 Qb6 18. Bxf6 Bxf6 19. Bxh5 Nd4 20. Rab1 d5 21. exd5
Bxd5 22. Qe3 Be6 23. Ng4 Bf5 24. Nxf6+ Qxf6 25. Bg4 Bxc2 26. Bxc8 Bxb1 27. Bxb7
Bc2 28. Rd2 Qb6 29. Be4 Bxe4 30. Nxe4 f5 31. Ng5 Qf6 32. Rxd4 exd4 33. Qb3+ Kh8
34. Nf7+ Kh7 35. Nxd8 Qxd8 36. Qd3 Qd5 37. b4 Kh6 38. h4 Qe5 39. Kf1 g6 40. b5
Kg7 41. a4 Qc5 42. Qb3 Qc7 43. g3 Kf6 44. Qd5 Qc1+ 45. Kg2 Qd1 46. Qd8+ Ke6 47.
a5 Qb1 48. b6 axb6 49. Qxb6+ Qxb6 50. axb6 Kd6 51. f3 Kc6 52. g4 Kxb6 53. h5
1-0

[Event "Pobeskydy ArcelorMittal op 21st"]
[Site "Frydek Mistek"]
[Date "2010.04.01"]
[Round "2"]
[White "Diviak, Rastislav"]
[Black "Langner, Jakub"]
[Result "1/2-1/2"]
[WhiteElo "2043"]
[BlackElo "1849"]
[PlyCount "54"]
[EventDate "2010.04.01"]
[EventType "swiss"]
[EventRounds "9"]
[EventCountry "CZE"]
[SourceTitle "OM OTB B 201907"]
[Source "Opening Master"]
[SourceDate "2019.07.06"]
[SourceVersion "2"]
[SourceVersionDate "2019.07.06"]
[SourceQuality "1"]

1. e4 c5 2. Nf3 Nc6 3. d4 cxd4 4. Nxd4 Nf6 5. Nc3 d6 6. Be2 e5 7. Nb3 h6 8. O-O
Be7 9. Be3 O-O 10. Kh1 Be6 11. f4 exf4 12. Bxf4 d5 13. exd5 Nxd5 14. Nxd5 Bxd5
15. Bf3 Bxf3 16. Qxf3 Bg5 17. Rad1 Qf6 18. Bxg5 Qxg5 19. c3 Rae8 20. Rde1 Rxe1
21. Rxe1 Rd8 22. Qe4 Ne5 23. Nd4 Ng4 24. Qe7 Nf2+ 25. Kg1 Nh3+ 26. Kh1 Nf2+ 27.
Kg1 Nh3+ 1/2-1/2

[Event "Ch City (a)"]
[Site "Zhukovsky (Russia)"]
[Date "2010.04.??"]
[Round "7"]
[White "Rybakov, Sergey1"]
[Black "Medvedev, Vladimir"]
[Result "1/2-1/2"]
[WhiteElo "2180"]
[BlackElo "2126"]
[PlyCount "28"]
[EventDate "2010.??.??"]
[EventRounds "9"]
[EventCountry "RUS"]
[SourceTitle "OM OTB B 201907"]
[Source "Opening Master"]
[SourceDate "2019.07.06"]
[SourceVersion "2"]
[SourceVersionDate "2019.07.06"]
[SourceQuality "1"]

1. e4 c5 2. Nf3 Nc6 3. d4 cxd4 4. Nxd4 Nf6 5. Nc3 d6 6. Be2 e5 7. Nb3 Be6 8.
O-O d5 9. exd5 Nxd5 10. Nxd5 Qxd5 11. Qxd5 Bxd5 12. Rd1 Rd8 13. Be3 Be7 14. c3
O-O 1/2-1/2

[Event "VIE-ch (Women)"]
[Site "Ho Chi Minh City"]
[Date "2010.03.31"]
[Round "9"]
[White "Hoang Xuan Thanh, Khiet"]
[Black "Nguyen, Thi Thanh An"]
[Result "0-1"]
[WhiteElo "2173"]
[BlackElo "2291"]
[PlyCount "150"]
[EventDate "2010.03.26"]
[EventType "swiss"]
[EventRounds "9"]
[EventCountry "VIE"]
[SourceTitle "OM OTB B 201907"]
[Source "Opening Master"]
[SourceDate "2019.07.06"]
[SourceVersion "2"]
[SourceVersionDate "2019.07.06"]
[SourceQuality "1"]

1. e4 c5 2. Nf3 Nc6 3. d4 cxd4 4. Nxd4 Nf6 5. Nc3 d6 6. Be2 e5 7. Nb3 Be7 8.
O-O O-O 9. Be3 Be6 10. f4 exf4 11. Bxf4 d5 12. exd5 Nxd5 13. Nxd5 Qxd5 14. Qxd5
Bxd5 15. Rad1 Be6 16. Bf3 Rfd8 17. Bc7 Rxd1 18. Rxd1 h6 19. c3 Rc8 20. Bd6 Bg5
21. Kf2 b6 22. Bg3 Bf6 23. Re1 a5 24. Re4 Bd5 25. Re2 Be6 26. Re4 b5 27. Bg4
Bxg4 28. Rxg4 a4 29. Nc1 a3 30. bxa3 Bxc3 31. Ne2 Bb2 32. a4 f5 33. Rf4 g5 34.
Rxf5 bxa4 35. Rb5 a3 36. Rb6 Kf7 37. Ke1 Ke6 38. Kd2 h5 39. h3 Kd5 40. Kd3 h4
41. Bh2 Ne5+ 42. Bxe5 Kxe5 43. Rb5+ Kf6 44. Rb6+ Kf5 45. Rb5+ Kg6 46. Ra5 Rd8+
47. Ke3 Rd1 48. Ra6+ Kf5 49. Ra5+ Kf6 50. Ra6+ Ke7 51. Ra4 Kd6 52. Ra6+ Kd7 53.
Ra5 Ra1 54. Rxg5 Rxa2 55. Rd5+ Kc7 56. Rd1 Kc6 57. Kd3 Be5 58. Rc1+ Kd6 59. Rb1
Ke6 60. Rb6+ Kf5 61. Rb1 Ke6 62. Rb6+ Kd7 63. Rb1 Kc6 64. Rc1+ Kb5 65. Rb1+ Rb2
66. Rxb2+ Bxb2 67. Kc2 Kb4 68. Nf4 Bd4 69. Nd3+ Kc4 70. Nc1 Bc3 71. Na2 Bb2 72.
Nc1 Bxc1 73. Kxc1 Kb3 74. Kb1 a2+ 75. Ka1 Ka3 0-1

[Event "Ch Schleswig Holstein (seniors)"]
[Site "Busto (Germany)"]
[Date "2010.03.31"]
[Round "6"]
[White "Plewka, Manfred"]
[Black "Meyer, Heinz"]
[Result "1/2-1/2"]
[WhiteElo "1952"]
[BlackElo "2051"]
[PlyCount "29"]
[EventDate "2010.??.??"]
[EventCountry "ITA"]
[SourceTitle "OM OTB B 201907"]
[Source "Opening Master"]
[SourceDate "2019.07.06"]
[SourceVersion "2"]
[SourceVersionDate "2019.07.06"]
[SourceQuality "1"]

1. e4 c5 2. Nf3 Nc6 3. d4 cxd4 4. Nxd4 Nf6 5. Nc3 d6 6. Be2 e5 7. Nb3 Be7 8.
Be3 Be6 9. f3 O-O 10. Qd2 a6 11. Rd1 Na5 12. Nxa5 Qxa5 13. Nd5 Qxd2+ 14. Rxd2
Nxd5 15. exd5 1/2-1/2

[Event "Oberpfalz-ch M1"]
[Site "Roding"]
[Date "2010.03.30"]
[Round "7"]
[White "Kues, Manuel"]
[Black "Paar, Johannes"]
[Result "1-0"]
[WhiteElo "1935"]
[BlackElo "1904"]
[PlyCount "73"]
[EventDate "2010.03.27"]
[EventType "swiss"]
[EventRounds "8"]
[EventCountry "GER"]
[SourceTitle "OM OTB B 201907"]
[Source "Opening Master"]
[SourceDate "2019.07.06"]
[SourceVersion "2"]
[SourceVersionDate "2019.07.06"]
[SourceQuality "1"]

1. e4 c5 2. Nf3 Nc6 3. d4 cxd4 4. Nxd4 Nf6 5. Nc3 d6 6. Be2 e5 7. Nb3 a6 8. O-O
Be7 9. f4 exf4 10. Bxf4 Ne5 11. Qd4 Nc6 12. Qf2 O-O 13. h3 b5 14. Bf3 Ne5 15.
Nd5 Nxf3+ 16. Qxf3 Nxd5 17. exd5 Bf6 18. c3 Bb7 19. Rae1 Qc7 20. Qg3 Qd8 21.
Bxd6 Bh4 22. Qf4 Bxe1 23. Bxf8 Qxd5 24. Qg4 Bxc3 25. bxc3 Rxf8 26. Rd1 Qc6 27.
Rd3 Qc4 28. Qd7 Qe4 29. Rd2 Bc6 30. Qd6 Qe3+ 31. Kh2 h6 32. Qxc6 Qe5+ 33. g3
Re8 34. Qxa6 Qxc3 35. Qxb5 Re1 36. Rd8+ Kh7 37. Qf5+ 1-0

[Event "FICS rated standard game"]
[Site "FICS freechess.org"]
[Date "2010.03.30"]
[Round "?"]
[White "lalrinsanga"]
[Black "Sillycon"]
[Result "0-1"]
[WhiteElo "2051"]
[BlackElo "2162"]
[PlyCount "106"]
[EventDate "2010.??.??"]

1. e4 c5 2. Nf3 d6 3. d4 cxd4 4. Nxd4 Nf6 5. Nc3 Nc6 6. Be2 e5 7. Nf3 h6 8. h3
g5 9. Be3 g4 10. hxg4 Nxg4 11. Qd2 Nxe3 12. Qxe3 Rg8 13. g3 Bg4 14. O-O-O Bg7
15. Nd5 Rf8 16. Bb5 a6 17. Ba4 b5 18. Bb3 Nd4 19. Nxd4 exd4 20. Rxd4 Bf3 21.
Rh4 Bxd4 22. Qxd4 Qa5 23. Nf6+ Ke7 24. c3 Bg2 25. Nd5+ Ke8 26. Rxh6 Qd8 27. Nf4
Bf3 28. Rxd6 Qe7 29. e5 Rd8 30. Bd5 Rxd6 31. exd6 Qe1+ 32. Kc2 Bxd5 33. Nxd5
Kd7 34. Nf6+ Ke6 35. d7 Qe2+ 36. Kb3 Qc4+ 37. Qxc4+ bxc4+ 38. Kxc4 Kxf6 39. Kd5
Ke7 40. Kc6 Rd8 41. Kb6 Rxd7 42. Kxa6 Rd2 43. a4 Rxb2 44. a5 Rxf2 45. Kb7 Rb2+
46. Ka7 Kd7 47. c4 Kc6 48. a6 Kc7 49. c5 Ra2 50. g4 f6 51. c6 Ra1 52. g5 fxg5
53. Ka8 Rxa6# 0-1

[Event "Mazowiec-chT op 0910"]
[Site "Mazowsze"]
[Date "2010.03.28"]
[Round "10.17"]
[White "Jaworski, Andrzej"]
[Black "Brewczynski, Robert"]
[Result "0-1"]
[WhiteElo "2056"]
[BlackElo "2082"]
[PlyCount "51"]
[EventDate "2009.11.29"]
[EventType "team-tourn"]
[EventRounds "10"]
[EventCountry "POL"]
[SourceTitle "OM OTB B 201907"]
[Source "Opening Master"]
[SourceDate "2019.07.06"]
[SourceVersion "2"]
[SourceVersionDate "2019.07.06"]
[SourceQuality "1"]

1. e4 c5 2. Nf3 Nc6 3. d4 cxd4 4. Nxd4 Nf6 5. Nc3 d6 6. Be2 e5 7. Nb3 Be7 8.
Be3 O-O 9. Qd2 a5 10. Rd1 Be6 11. f3 a4 12. Nc1 Qa5 13. a3 Rfd8 14. O-O d5 15.
exd5 Bxd5 16. Nb5 Bc4 17. Qxa5 Nxa5 18. Bb6 Rxd1 19. Rxd1 Bxe2 20. Nxe2 Nc4 21.
Bf2 Nxb2 22. Rb1 Nc4 23. Nc7 Nxa3 24. Rxb7 Rd8 25. Bb6 Nc4 26. Nd5 0-1

[Event "ch-VIE"]
[Site "Ho Chi Minh City VIE"]
[Date "2010.03.26"]
[Round "2"]
[White "Le Thanh Tai"]
[Black "Ton That Nhu Tung"]
[Result "0-1"]
[WhiteElo "1809"]
[BlackElo "2279"]
[PlyCount "48"]
[EventDate "2010.??.??"]

1. e4 c5 2. Nf3 Nc6 3. d4 cxd4 4. Nxd4 Nf6 5. Nc3 d6 6. Be2 e5 7. Nb3 Be7 8.
Be3 O-O 9. f3 a5 10. Na4 d5 11. Nb6 Be6 12. Nxa8 Qxa8 13. exd5 Nxd5 14. Bc5
Bxc5 15. Nxc5 Ne3 16. Qc1 Nxg2+ 17. Kf2 Nf4 18. c3 Qa7 19. Bf1 Rd8 20. Qe3 Nd5
21. Qe2 Qxc5+ 22. Ke1 Nf4 23. Qf2 Qd6 24. Rg1 Nb4 0-1